| 000 | 00591nam a22001697a 4500 | ||
|---|---|---|---|
| 003 | OSt | ||
| 005 | 20171010095442.0 | ||
| 008 | 120613t xxu||||| |||| 00| 0 eng d | ||
| 040 |
_aMMSU _cULS |
||
| 100 |
_aCalad, Michaela M. _910266 |
||
| 245 |
_aStudy on the production of briquettes from water hyacinth (Eichnornia crassipes) _cMichaela M. Calad |
||
| 260 | _c2006 | ||
| 300 |
_aix, 35 leaves _c28 cm. |
||
| 500 | _aThesis (BS Chemical Engineering) -- Mariano Marcos State University-College of Engineering, Batac City | ||
| 504 | _aBibliography: leaves 27-28 | ||
| 942 |
_2ddc _cTHEDIS |
||
| 999 |
_c9557 _d9557 |
||